Harry Potter characters by picture - Statistics

General Stats
  • This quiz has been taken 40 times
  • The average score is 8 of 9
Answer Stats
Picture Answer % Correct
Harry Potter
100%
Hermione Granger
95%
Ron Weasly
95%
Albus Dumbledore
92%
Lord Voldemort
92%
Dobby
89%
Hagrid
89%
Severus Snape
89%
Sirius Black
89%
No matching quizzes found
Score Distribution
Percent of People with Each Score
Percentile by Number Answered
Your Score History
You have not taken this quiz